LEADER 00927nam a2200205 4500 001 000000346230 003 CaOOAMICUS 005 20210525144740.0 008 210525s1884 it 000 u ita r 040 $aSeMil$bita 100 1 $aPedrotti, Marco Antonio.$0(OLS)http://semarc/name/113965 245 13$aLa Civiltà Cattolica dinanzi ai SS. Dottori Agostino e Tommaso d'Aquino / $cper Marco Antonio Pedrotti, prete da Trento. 264 1$aTrento :$bG. Marietti,$c1884. 300 $a143 p. ;$c26 cm 650 4$aCiviltà Cattolica .$0(OLS)http://semarc/subject/5467 850 $aSeMil 852 $aSeMil$W1$xVenegono$y1$m5A III 8/11$j226513$B237298$CSeMilBibl$Z2$F237298 $8I 996 $6245$aLa Civiltà Cattolica dinanzi ai SS. Dottori Agostino e Tommaso d'Aquino / $9(OLS)http://semarc/title/435430 996 $6264$aTrento :$bG. Marietti$9(OLS)http://semarc/publisher/59841 LEADER 01303nam a2200277 i 4500 001 000000033498 003 CaOOAMICUS 005 20180830125450.0 008 180830s1803 it u000 u ita u 040 $aSeMil$bita 245 10$aScrittori classici italiani di economia politica. Parte antica. 260 $aMilano :$bNella Stamperia e Fonderia di G. G. Destefanis, a san Zeno n. 534,$c1803-1804. 300 $a7 v. ;$c8°. 650 4$aEconomisti - Italia.$0(OLS)http://semarc/subject/5349 700 1 $aCustodi, Pietro,$d<1771-1842>.$0(OLS)http://semarc/name/2787 700 1 $aDestefanis, Giovanni Giuseppe,$c.$0(OLS)http://semarc/name/2918 773 0 $tScrittori classici italiani di economia politica.$dMilano : Nella Stamperia e Fondria di G. G. Destefanis, a san Zeno n. 534, 1803-1816.$w()33494 774 0 $tTomo 1.$g1$w()251797 774 0 $tTomo 2.$g2$w()251798 774 0 $tTomo 4.$g4$w()251799 774 0 $tTomo 3.$g3$w()251800 774 0 $tTomo 5.$g5$w()251801 774 0 $tTomo 6.$g6$w()251802 774 0 $tTomo 7.$g7$w()251803 996 $6245$aScrittori classici italiani di economia politica. Parte antica$9(OLS)http://semarc/title/45322 996 $6260$aMilano :$bNella Stamperia e Fonderia di G. G. Destefanis, a san Zeno n. 534$9(OLS)http://semarc/publisher/39624